1787 1081 1533 1259 1922 1229 1393 1428 1006 1823 1508 1188 1083 1701 1993 1114 1553 1270 1249 1800 1374 1932 1344 1232 1314 1896 1403 1418 1375 1142 1937 1146 1452 1575 1947 1872 1403 1087 1162 1098 1373 1298 1077 1263 1836 1820 1662 1261 1384 1815 1211 1652 1489 1362 1057 1126 1453 1208 1141 1984 1877 1749 1771 1653 1847 1485 1153 1673 1876 1292 1495 1364 1843 1480 1044 1961 1267 1460 1720 1192 1580 1625 1815 1375 1333 1623 1085 1777 1561 1913 1720 1526 1584 1024 1099 1871 1894 1412 1795 BCNSPRNW ULIB Ver.6.0+V

เปลี่ยนเป็นภาษาไทย

Change to English
 แสดงรายละเอียดบรรณานุกรม
  กลับหน้าหลัก

Brief Record : Get Marc (ISO 2709) : E-mail record : QR code < ปิดหน้าต่าง
LEADER : 00000nam 2200000uu 4500
001    13399126795
003     ULIB
008    190306s2561||||th 000 0 tha d
020    ^a9786168145111
050    ^aนว^bพ576ด
100    ^aพันธุ์พเยีย
245    ^aดาราพราวแสง ซีรีส์ชุดสี่ดรุณี/^cพันธุ์พเยีย
260    ^aกรุงเทพฯ :^bบางรักษ์,^c2561
300    ^a432 หน้า;^b26 ซม.
650    ^aนวนิยาย
945    ^p340^l0^i27290
999    ^aกัณชพร จุลอักษร
รายการนี้ยังไม่มีแท็ก
คุณยังไม่ได้ล็อกอิน คุณสามารถมีกิจกรรมร่วมกับเว็บไซต์ได้ แต่ต้องล็อกอินก่อน ::
  ล็อกอิน

รายการสื่อสารสนเทศ

ลำดับที่ ประเภท เลขเรียก/บาร์โค้ด สถานที่ สถานะ
1. วิทยาศาสตร์การแพทย์ และสุขภาพ
วิทยาศาสตร์การแพทย์ และสุขภาพ
นว พ576ด ฉ.1 
  Barcode: 27290
ห้องสมุดวิทยาเขตสวรรค์ประชารักษ์
►นวนิยาย
บนชั้น
  ขอยืม

รายการใกล้เคียง
    ผู้แต่ง [พันธุ์พเยีย]

    หัวเรื่อง [นวนิยาย]

BibComment


ยังไม่เคยถูกคอมเมนท์

คอมเมนท์ทรัพยากรรายการนี้
  คอมเมนท์: ดาราพราวแสง ซีรี..


 Copyright 2026. Bcnsprnw @Library